[Event "Novorossiysk Small Land Blitz op"]
[Site "Novorossiysk"]
[Date "2023.07.29"]
[Round "5"]
[White "Pankratov, Oleg"]
[Black "Volkov, Maksim"]
[Result "1-0"]
[WhiteElo "2106"]
[BlackElo "2235"]
[PlyCount "87"]
[EventDate "2023.07.29"]
[EventType "swiss (blitz)"]
[EventRounds "13"]
[EventCountry "RUS"]
[SourceTitle "CBM 215 Extra"]
[Source "ChessBase"]
[SourceDate "2023.09.30"]
[SourceVersion "1"]
[SourceVersionDate "2023.09.30"]
[SourceQuality "1"]

1. d4 d5 2. Nf3 Nf6 3. c4 e6 4. Nc3 c6 5. e3 Nbd7 6. Qc2 Bd6 7. b3 0-0 8. Be2 b6 9. 0-0 Bb7 10. Bb2 Qe7 11. e4 dxe4 12. Nxe4 Nxe4 13. Qxe4 Nf6 14. Qh4 c5 15. Rfe1 cxd4 16. Nxd4 Bb4 17. Red1 Rac8 18. Bf1 Rfd8 19. a3 Bc5 20. Re1 Ne8 21. Qf4 Qd6 22. Qxd6 Rxd6 23. Nb5 Rd2 24. Re2 Rcd8 25. b4 Bxf2+ 26. Kxf2 a6 27. Nc3 Nf6 28. Ke1 R2d7 29. Rd1 Rxd1+ 30. Nxd1 Ng4 31. h3 Nh2 32. Ne3 f5 33. g3 Nf3+ 34. Kf2 Nd2 35. Bg2 Bxg2 36. Kxg2 Rd3 37. c5 bxc5 38. bxc5 Ne4 39. c6 Rd8 40. Rc2 Rc8 41. Be5 Kf7 42. c7 Nf6 43. Nc4 Ne8 44. Nb6 1-0

[Event "Novorossiysk Small Land Blitz op"]
[Site "Novorossiysk"]
[Date "2023.07.29"]
[Round "10"]
[White "Savitskiy, Sergey"]
[Black "Pankratov, Oleg"]
[Result "1-0"]
[WhiteElo "2383"]
[BlackElo "2106"]
[PlyCount "59"]
[EventDate "2023.07.29"]
[EventType "swiss (blitz)"]
[EventRounds "13"]
[EventCountry "RUS"]
[SourceTitle "CBM 215 Extra"]
[Source "ChessBase"]
[SourceDate "2023.09.30"]
[SourceVersion "1"]
[SourceVersionDate "2023.09.30"]
[SourceQuality "1"]

1. e4 g6 2. Nc3 Bg7 3. h4 h5 4. d4 c6 5. Bg5 d5 6. e5 Nh6 7. Qd2 Na6 8. Bxa6 bxa6 9. Na4 Nf5 10. Nf3 Rb8 11. b3 0-0 12. Nc5 f6 13. Bf4 Ra8 14. 0-0-0 a5 15. a4 Kh7 16. Rde1 Nh6 17. e6 Nf5 18. Qd3 Qb6 19. g4 hxg4 20. h5 Kg8 21. hxg6 Nd6 22. Nh4 f5 23. Be5 Ne4 24. Bxg7 Kxg7 25. Rxe4 dxe4 26. Qe3 Qc7 27. Nxf5+ Kf6 28. g7 Rg8 29. Qh6+ Kxf5 30. Rh5# 1-0

[Event "Novorossiysk Small Land Rapid op"]
[Site "Novorossiysk"]
[Date "2023.07.28"]
[Round "11"]
[White "Pankratov, Oleg"]
[Black "Grebnev, Aleksey"]
[Result "0-1"]
[WhiteElo "2106"]
[BlackElo "2488"]
[PlyCount "103"]
[EventDate "2023.07.26"]
[EventType "swiss (rapid)"]
[EventRounds "11"]
[EventCountry "RUS"]
[SourceTitle "CBM 215 Extra"]
[Source "ChessBase"]
[SourceDate "2023.09.30"]
[SourceVersion "1"]
[SourceVersionDate "2023.09.30"]
[SourceQuality "1"]

1. Nf3 Nf6 2. g3 c5 3. Bg2 Nc6 4. 0-0 g6 5. c4 Bg7 6. Nc3 0-0 7. a3 d5 8. cxd5 Nxd5 9. Nxd5 Qxd5 10. d3 Qd6 11. Bf4 e5 12. Be3 Bd7 13. Rc1 b6 14. Ng5 Rac8 15. Ne4 Qe7 16. Qd2 Nd4 17. Qd1 h6 18. Nc3 Be6 19. Bd5 Bh3 20. Re1 Kh7 21. Bd2 Bg4 22. Bg2 Rfd8 23. h3 Be6 24. Be3 c4 25. Qa4 cxd3 26. exd3 Bb3 27. Qa6 Nc2 28. Re2 Nxe3 29. Rxe3 Rc5 30. Rce1 Rd7 31. d4 Rxd4 32. Qe2 Bc4 33. Qc2 Qd8 34. Ne4 Rc8 35. Rc3 Be6 36. g4 Rxc3 37. Qxc3 Bd5 38. Qc2 a5 39. Rc1 a4 40. Re1 Qa8 41. g5 hxg5 42. Nxg5+ Kg8 43. Bxd5 Qxd5 44. Qc8+ Bf8 45. Qe8 b5 46. Rxe5 Rd1+ 47. Kh2 Rh1+ 48. Kg3 Rg1+ 49. Kh4 Qd4+ 50. Ne4 Qxb2 51. Qb8 Qxa3 52. f4 0-1

[Event "Gelendzhik Rapid op"]
[Site "Gelendzhik"]
[Date "2023.05.28"]
[Round "4"]
[White "Kondratiev, Sergey"]
[Black "Pankratov, Oleg"]
[Result "0-1"]
[WhiteElo "1728"]
[BlackElo "2106"]
[PlyCount "60"]
[EventDate "2023.05.27"]
[EventType "swiss (rapid)"]
[EventRounds "11"]
[EventCountry "RUS"]
[SourceTitle "CBM 214 Extra"]
[Source "ChessBase"]
[SourceDate "2023.07.31"]
[SourceVersion "1"]
[SourceVersionDate "2023.07.31"]
[SourceQuality "1"]

1. e4 g6 2. Nf3 Bg7 3. d4 d6 4. Bc4 Nf6 5. 0-0 Nxe4 6. Re1 Nf6 7. c3 0-0 8. Ng5 Nc6 9. Nd2 e5 10. d5 Ne7 11. Nde4 Nxe4 12. Nxe4 h6 13. Bd2 f5 14. Ng3 Bd7 15. Qc1 Kh7 16. f4 b5 17. Bb3 c5 18. fxe5 dxe5 19. d6 Nc8 20. Bd5 Rb8 21. Be3 f4 22. Bxc5 fxg3 23. hxg3 Nxd6 24. Bxd6 Qb6+ 25. Kh2 Qxd6 26. Be4 Bf5 27. Rd1 Qc7 28. Bxf5 Rxf5 29. Rf1 Rbf8 30. Rxf5 Rxf5 0-1

[Event "Gelendzhik Rapid op"]
[Site "Gelendzhik"]
[Date "2023.05.28"]
[Round "7"]
[White "Pankratov, Oleg"]
[Black "Khantuev, Adam"]
[Result "1/2-1/2"]
[WhiteElo "2106"]
[BlackElo "1671"]
[PlyCount "146"]
[EventDate "2023.05.27"]
[EventType "swiss (rapid)"]
[EventRounds "11"]
[EventCountry "RUS"]
[SourceTitle "CBM 214 Extra"]
[Source "ChessBase"]
[SourceDate "2023.07.31"]
[SourceVersion "1"]
[SourceVersionDate "2023.07.31"]
[SourceQuality "1"]

1. Nf3 c5 2. g3 Nc6 3. Bg2 g6 4. 0-0 Bg7 5. c4 e5 6. Nc3 Nge7 7. Ne1 0-0 8. Nc2 f5 9. Ne3 f4 10. Ned5 d6 11. d3 g5 12. e3 Ng6 13. Qh5 g4 14. Be4 f3 15. Bd2 Nce7 16. Rfd1 Nf5 17. Nb5 a6 18. Ndc7 axb5 19. Nxa8 Nfe7 20. a4 bxc4 21. dxc4 Be6 22. a5 Qxa8 23. a6 Nc6 24. Bc3 Rd8 25. axb7 Qxb7 26. Bxg6 hxg6 27. Qxg6 Qf7 28. Qg5 Qf6 29. Qxf6 Bxf6 30. Ra6 Nd4 31. exd4 cxd4 32. Bd2 Bxc4 33. Rb6 e4 34. Ra1 d3 35. Ra4 Bd5 36. Raa6 Be5 37. Ra5 Bf7 38. Rab5 d5 39. Kf1 Ra8 40. Ra5 Rc8 41. Ke1 Rc2 42. Ra8+ Kg7 43. Rb7 Rxb2 44. Rxb2 Bxb2 45. Rb8 Be5 46. Rb7 Kf6 47. Bf4 Bc3+ 48. Kd1 Be8 49. Bd2 Bd4 50. Ke1 Bf7 51. Rc7 Be6 52. Bc3 Bxc3+ 53. Rxc3 d4 54. Ra3 Ke5 55. Kd2 Bc4 56. Ra5+ Kd6 57. Ra1 Kc5 58. Rh1 Be6 59. Rc1+ Kd6 60. Ra1 Ke5 61. Ra5+ Bd5 62. Ra7 Kd6 63. Rh7 Bc4 64. Rh6+ Ke5 65. Rh5+ Kd6 66. h4 e3+ 67. fxe3 dxe3+ 68. Kxe3 d2 69. Rh6+ Ke7 70. Rh7+ Ke6 71. Rh6+ Ke5 72. Rh5+ Kf6 73. Rh6+ Ke5 1/2-1/2

[Event "Gelendzhik Rapid op"]
[Site "Gelendzhik"]
[Date "2023.05.27"]
[Round "2"]
[White "Karulin, Nikita"]
[Black "Pankratov, Oleg"]
[Result "0-1"]
[WhiteElo "1564"]
[BlackElo "2106"]
[PlyCount "122"]
[EventDate "2023.05.27"]
[EventType "swiss (rapid)"]
[EventRounds "11"]
[EventCountry "RUS"]
[SourceTitle "CBM 214 Extra"]
[Source "ChessBase"]
[SourceDate "2023.07.31"]
[SourceVersion "1"]
[SourceVersionDate "2023.07.31"]
[SourceQuality "1"]

1. d4 g6 2. Nc3 Bg7 3. Bf4 d6 4. Nf3 Nc6 5. e4 Bg4 6. d5 Bxf3 7. Qxf3 Nd4 8. Qd3 c5 9. Nb5 a6 10. Nxd4 cxd4 11. 0-0-0 Qa5 12. Kb1 Rc8 13. Qb3 b5 14. Bd3 Nf6 15. h4 Nd7 16. Qa3 Qb6 17. b3 h5 18. f3 a5 19. g4 Nc5 20. Bg3 b4 21. Qb2 a4 22. Bf2 axb3 23. cxb3 Nd7 24. Rc1 Rc3 25. Rxc3 bxc3 26. Qc2 hxg4 27. fxg4 Ne5 28. Qxc3 dxc3 29. Bxb6 Nxd3 30. Ba5 0-0 31. Rh3 Nc5 32. Re3 Bd4 33. Re2 Kg7 34. Kc2 Rh8 35. Bxc3 Bxc3 36. Kxc3 Rxh4 37. b4 Nd7 38. a4 Rxg4 39. a5 Rh4 40. Kc4 Rh8 41. Kb5 Rb8+ 42. Ka4 g5 43. e5 dxe5 44. b5 g4 45. a6 f5 46. Ka5 Kf6 47. Rc2 g3 48. a7 Ra8 49. Ka6 f4 50. Kb7 Rxa7+ 51. Kxa7 f3 52. Rc3 e4 53. Rc7 g2 54. Rxd7 g1Q+ 55. b6 Qa1+ 56. Kb8 f2 57. d6 f1Q 58. Rxe7 Qfa6 59. Kc7 Qc3+ 60. Kd7 Qb7+ 61. Ke8 Qcc8# 0-1

[Event "Novorossiysk Small Land Rapid op"]
[Site "Novorossiysk"]
[Date "2022.07.19"]
[Round "7"]
[White "Pankratov, Oleg"]
[Black "Kryakvin, Dmitry"]
[Result "0-1"]
[WhiteElo "2106"]
[BlackElo "2523"]
[PlyCount "156"]
[EventDate "2022.07.18"]
[EventType "swiss (rapid)"]
[EventRounds "11"]
[EventCountry "RUS"]
[SourceTitle "EXT 2023"]
[Source "ChessBase"]
[SourceDate "2022.10.05"]
[SourceVersion "1"]
[SourceVersionDate "2022.10.05"]
[SourceQuality "1"]

1. Nf3 c5 2. g3 Nc6 3. Bg2 g6 4. 0-0 Bg7 5. d3 d6 6. c4 Bf5 7. Nc3 Qd7 8. Rb1 Bh3 9. a3 Bxg2 10. Kxg2 e6 11. Bd2 Nge7 12. b4 b6 13. Qc1 0-0 14. Bh6 e5 15. Nd5 Nxd5 16. cxd5 Nd4 17. Bxg7 Kxg7 18. Nxd4 exd4 19. e4 dxe3 20. Qxe3 Rae8 21. Qf3 Re5 22. d4 Rf5 23. Qc3 cxb4 24. axb4 Rc8 25. Qe3 Re8 26. Qc3 Rxd5 27. Rbc1 Qf5 28. Rfe1 Re4 29. Rcd1 h5 30. h4 Qe6 31. Kg1 Kh7 32. Rxe4 Qxe4 33. Qc7 Qf3 34. Rd3 Qf5 35. Qxa7 Kg7 36. Qa3 Qe4 37. Rd1 Qc2 38. Qa1 Rf5 39. Rf1 Qd2 40. b5 Rxb5 41. Rd1 Qb2 42. Qa7 Rf5 43. Rf1 Qxd4 44. Qa2 b5 45. Qc2 b4 46. Qa4 d5 47. Qb5 Rf3 48. Kg2 Qe4 49. Kg1 b3 50. Rd1 Qc2 51. Rf1 b2 52. Qxd5 b1Q 53. Qxf3 Qd3 54. Qg2 Qbb5 55. Re1 Qbd5 56. Qh3 Q3f3 57. Rf1 Qdf5 58. Qh2 Q5g4 59. Re1 Qd5 60. Rf1 g5 61. hxg5 Qgxg5 62. Re1 Qg4 63. Qg2 Qxg2+ 64. Kxg2 h4 65. Re3 Kf8 66. Kh2 hxg3+ 67. Rxg3 Qe2 68. Kg1 Qd1+ 69. Kg2 Qd5+ 70. Kg1 f5 71. Kh2 Kf7 72. Rh3 Kf6 73. Rg3 f4 74. Rg2 Qh5+ 75. Kg1 Qd1+ 76. Kh2 Qf1 77. Rg4 Qxf2+ 78. Rg2 Qh4+ 0-1

[Event "Novorossiysk Small Land Blitz"]
[Site "Novorossiysk"]
[Date "2022.07.17"]
[Round "13"]
[White "Kryakvin, Dmitry"]
[Black "Pankratov, Oleg"]
[Result "1-0"]
[WhiteElo "2523"]
[BlackElo "2106"]
[PlyCount "127"]
[EventDate "2022.07.17"]
[EventType "swiss (blitz)"]
[EventRounds "13"]
[EventCountry "RUS"]
[SourceTitle "CBM 209 Extra"]
[Source "ChessBase"]
[SourceDate "2022.09.30"]
[SourceVersion "1"]
[SourceVersionDate "2022.09.30"]
[SourceQuality "1"]

1. d4 g6 2. c4 Bg7 3. e4 d6 4. Nc3 Nf6 5. Be2 0-0 6. Bg5 h6 7. Be3 Nc6 8. d5 Ne5 9. h3 c6 10. f4 Ned7 11. Nf3 cxd5 12. cxd5 Nh5 13. Kf2 a6 14. g3 b5 15. a3 Bb7 16. Bd4 Nhf6 17. Rc1 Rc8 18. Kg2 Nb6 19. Qd2 Nc4 20. Bxc4 Rxc4 21. Qd3 Qa8 22. Nd2 Rc7 23. Rhe1 Rfc8 24. Bb6 Rd7 25. Kf2 e6 26. dxe6 fxe6 27. Re2 Kh7 28. Kg1 Rc6 29. Bf2 Qc8 30. Rce1 d5 31. e5 Ne4 32. Bd4 Qf8 33. Qe3 Qd8 34. Nf3 Rc4 35. Nd2 Rc8 36. Kh2 Bc6 37. Nf3 Rb7 38. Nxe4 dxe4 39. Nd2 Rd7 40. Bb6 Qf8 41. Nxe4 Bxe4 42. Qxe4 Rc4 43. Qg2 Qf5 44. Be3 h5 45. Rf1 Rd3 46. Rf3 Qe4 47. Qf2 Qd5 48. Kg2 a5 49. Bb6 Rd1 50. Be3 b4 51. axb4 axb4 52. Rd2 Rxd2 53. Qxd2 Qc6 54. Bf2 Rc2 55. Qxb4 Qd5 56. Qb3 Qc6 57. h4 Kh6 58. Qe3 Kh7 59. b4 Qd5 60. Qb3 Qc6 61. b5 Qc8 62. b6 Rc1 63. Qb2 Rc2 64. b7 1-0

[Event "Rostov on Don rapid GP Stage 28th"]
[Site "Rostov on Don"]
[Date "2021.10.30"]
[Round "9"]
[White "Pankratov, Oleg"]
[Black "Boldyrev, Gleb"]
[Result "0-1"]
[WhiteElo "2106"]
[BlackElo "1928"]
[PlyCount "88"]
[EventDate "2021.10.29"]
[EventType "swiss"]
[EventRounds "11"]
[EventCountry "RUS"]
[SourceTitle "CBM 204 Extra"]
[Source "ChessBase"]
[SourceDate "2021.11.30"]
[SourceVersion "1"]
[SourceVersionDate "2021.11.30"]
[SourceQuality "1"]

1. Nf3 d5 2. g3 Nf6 3. Bg2 e6 4. d3 b5 5. Nbd2 Bb7 6. 0-0 Be7 7. e4 dxe4 8. Ng5 0-0 9. Ngxe4 Nxe4 10. Nxe4 Nd7 11. Nf6+ Bxf6 12. Bxb7 Rb8 13. Bc6 Nc5 14. Qh5 Qd6 15. Bg2 Na4 16. Rb1 a6 17. Rd1 Rfd8 18. Bf4 Qe7 19. h4 Nxb2 20. Re1 Na4 21. Bd2 c5 22. Be4 g6 23. Qf3 Nc3 24. Bxc3 Bxc3 25. Re2 Rb6 26. Qf4 Rbd6 27. h5 Qf6 28. Qh6 Qg7 29. Qg5 h6 30. Qxc5 Bd4 31. Qc7 gxh5 32. Kh2 Be5 33. Qc5 f5 34. Bf3 Bd4 35. Qa3 Kh8 36. Rbe1 h4 37. c3 Bxf2 38. g4 Bxe1 39. Rxe1 Rxd3 40. Bg2 Qxg4 41. Rg1 Qg3+ 42. Kh1 Rd1 43. Qb3 Rxg1+ 44. Kxg1 h3 0-1

[Event "Rostov on Don rapid GP Stage 28th"]
[Site "Rostov on Don"]
[Date "2021.10.29"]
[Round "3"]
[White "Gabrielian, Artur"]
[Black "Pankratov, Oleg"]
[Result "1-0"]
[WhiteElo "2464"]
[BlackElo "2106"]
[PlyCount "105"]
[EventDate "2021.10.29"]
[EventType "swiss"]
[EventRounds "11"]
[EventCountry "RUS"]
[SourceTitle "CBM 204 Extra"]
[Source "ChessBase"]
[SourceDate "2021.11.30"]
[SourceVersion "1"]
[SourceVersionDate "2021.11.30"]
[SourceQuality "1"]

1. e4 c5 2. Nf3 d6 3. d4 cxd4 4. Nxd4 Nf6 5. Nc3 g6 6. Be3 Bg7 7. f3 0-0 8. Qd2 Nc6 9. Bc4 Bd7 10. h4 h5 11. Bb3 Rc8 12. Nxc6 bxc6 13. Bh6 c5 14. Bxg7 Kxg7 15. Bc4 Qb6 16. b3 Bc6 17. 0-0-0 Qb4 18. Nb1 Qb6 19. Rhe1 Rfd8 20. Qc3 e5 21. Rd2 a6 22. Red1 Bb5 23. a4 Be8 24. a5 Qc6 25. Na3 Rb8 26. Be2 Qc7 27. Nc4 Bb5 28. Nb6 Bxe2 29. Rxe2 Qe7 30. Red2 Ne8 31. Nc4 Rbc8 32. g3 Nc7 33. Nxd6 Rxd6 34. Rxd6 Nb5 35. Rd7 Qf6 36. Qc4 Nd4 37. f4 Ne6 38. R1d6 Re8 39. Qc3 exf4 40. Qxf6+ Kxf6 41. gxf4 Kg7 42. f5 gxf5 43. exf5 Nd4 44. Rg6+ Kf8 45. Rf6 Re2 46. Rfxf7+ Ke8 47. f6 Rxc2+ 48. Kd1 Re2 49. Rde7+ Rxe7 50. Rxe7+ Kf8 51. Rb7 Nc6 52. Kc2 Nxa5 53. Rc7 1-0

[Event "Rostov on Don rapid GP Stage 28th"]
[Site "Rostov on Don"]
[Date "2021.10.29"]
[Round "6"]
[White "Pankratov, Oleg"]
[Black "Smirnov, Pavel"]
[Result "0-1"]
[WhiteElo "2106"]
[BlackElo "2544"]
[PlyCount "45"]
[EventDate "2021.10.29"]
[EventType "swiss"]
[EventRounds "11"]
[EventCountry "RUS"]
[SourceTitle "CBM 204 Extra"]
[Source "ChessBase"]
[SourceDate "2021.11.30"]
[SourceVersion "1"]
[SourceVersionDate "2021.11.30"]
[SourceQuality "1"]

1. c4 e6 2. Nf3 Nf6 3. d4 d5 4. Bg5 dxc4 5. Qa4+ Nbd7 6. Nc3 a6 7. e4 b5 8. Nxb5 axb5 9. Qxa8 Bb4+ 10. Bd2 Nb6 11. Qb8 Bxd2+ 12. Nxd2 0-0 13. Rd1 Qxd4 14. Qxc7 Na4 15. Nxc4 Qxe4+ 16. Ne3 Qb4+ 17. Ke2 Qxb2+ 18. Kf3 Nc3 19. Rd4 Ncd5 20. Rd1 Nxc7 21. Rd4 Bb7+ 22. Kg3 Nh5+ 23. Kh4 0-1

[Event "EU-ch Online U2300 Final"]
[Site "Chess.com INT"]
[Date "2020.05.26"]
[Round "5"]
[White "Pankratov, Oleg"]
[Black "Antova, Gabriela"]
[Result "1-0"]
[WhiteElo "2104"]
[BlackElo "2255"]
[PlyCount "95"]
[EventDate "2020.05.26"]
[EventType "swiss"]
[EventRounds "8"]
[EventCountry "NET"]
[SourceTitle "CBM 196 Extra"]
[Source "ChessBase"]
[SourceDate "2020.07.31"]
[SourceVersion "1"]
[SourceVersionDate "2020.07.31"]
[SourceQuality "1"]

1. Nf3 d5 2. g3 Nf6 3. Bg2 e6 4. d3 c5 5. Nbd2 Nc6 6. 0-0 Be7 7. e4 0-0 8. e5 Nd7 9. Re1 Qc7 10. Qe2 b5 11. h4 h6 12. h5 Bb7 13. Nf1 Rfc8 14. Bf4 Qd8 15. N1h2 Nd4 16. Nxd4 cxd4 17. Nf3 Qb6 18. g4 Rc6 19. Rac1 Rac8 20. Qd2 Nf8 21. g5 hxg5 22. Bxg5 Bxg5 23. Qxg5 Nh7 24. Qd2 Kh8 25. Re2 b4 26. Qf4 R6c7 27. Nxd4 Ba6 28. Re3 Bb5 29. Rg3 Ba4 30. b3 Bb5 31. Ra1 Qc5 32. Bf3 Rg8 33. Kg2 Be8 34. Kh2 a5 35. Rag1 Qf8 36. Bd1 Re7 37. Nf3 f6 38. exf6 Qxf6 39. Qe5 Rf7 40. R1g2 Qh6 41. Nh4 Rf4 42. Ng6+ Bxg6 43. Rxg6 Rh4+ 44. Kg3 Qd2 45. Kxh4 Qxd1 46. h6 Qh1+ 47. Kg3 Nf8 48. hxg7+ 1-0

[Event "EU-ch Online U2300 Final"]
[Site "Chess.com INT"]
[Date "2020.05.26"]
[Round "7"]
[White "Pankratov, Oleg"]
[Black "Hadzimanolis, Antonios"]
[Result "1-0"]
[WhiteElo "2104"]
[BlackElo "2214"]
[PlyCount "93"]
[EventDate "2020.05.26"]
[EventType "swiss"]
[EventRounds "8"]
[EventCountry "NET"]
[SourceTitle "CBM 196 Extra"]
[Source "ChessBase"]
[SourceDate "2020.07.31"]
[SourceVersion "1"]
[SourceVersionDate "2020.07.31"]
[SourceQuality "1"]

1. Nf3 Nf6 2. g3 g6 3. Bg2 Bg7 4. 0-0 0-0 5. c4 d6 6. d4 Nbd7 7. Nc3 e5 8. e4 Re8 9. Re1 c6 10. Be3 Ng4 11. Bg5 Qb6 12. Na4 Qc7 13. h3 Ngf6 14. d5 h6 15. Bd2 c5 16. b4 b6 17. bxc5 Nxc5 18. Nxc5 dxc5 19. Bc3 Qd6 20. a4 Bd7 21. Qe2 Rab8 22. Qb2 Nh7 23. Nh4 g5 24. Nf5 Bxf5 25. exf5 Bf6 26. Be4 Nf8 27. a5 Nd7 28. axb6 axb6 29. Qb5 Bd8 30. Ra7 Nf6 31. Bg2 Bc7 32. Qc6 Qxc6 33. dxc6 Rbc8 34. f4 exf4 35. Rxe8+ Nxe8 36. gxf4 Bxf4 37. Rd7 Kf8 38. Bd5 Rc7 39. Bxf7 Rxc6 40. Be6 Rc7 41. Rd8 Ke7 42. Rb8 Rc6 43. Rb7+ Bc7 44. Kg2 Nd6 45. Ra7 Ne4 46. Bg7 h5 47. Bd5 1-0

[Event "EU-ch Online U2300 Final"]
[Site "Chess.com INT"]
[Date "2020.05.26"]
[Round "4"]
[White "Petrova, Irina"]
[Black "Pankratov, Oleg"]
[Result "0-1"]
[WhiteElo "2087"]
[BlackElo "2104"]
[PlyCount "94"]
[EventDate "2020.05.26"]
[EventType "swiss"]
[EventRounds "8"]
[EventCountry "NET"]
[SourceTitle "CBM 196 Extra"]
[Source "ChessBase"]
[SourceDate "2020.07.31"]
[SourceVersion "1"]
[SourceVersionDate "2020.07.31"]
[SourceQuality "1"]

1. d4 Nf6 2. Bg5 e6 3. Nc3 h6 4. Bxf6 Qxf6 5. e4 d6 6. Qd2 g5 7. 0-0-0 a6 8. e5 Qe7 9. h4 g4 10. f4 d5 11. f5 c5 12. fxe6 fxe6 13. Bd3 h5 14. Bg6+ Kd8 15. Nge2 Bd7 16. Kb1 Bh6 17. Nf4 cxd4 18. Qxd4 Nc6 19. Qb6+ Kc8 20. Nd3 Bf8 21. Na4 Qd8 22. Qb3 b5 23. Nac5 Rh6 24. Bf7 Bxc5 25. Nxc5 Qe7 26. Qe3 Rh8 27. Rhf1 d4 28. Qb3 Qxc5 29. Bxe6 Ra7 30. Bxd7+ Rxd7 31. e6 Re7 32. Rf7 Rhe8 33. Qg3 Kb7 34. Rdf1 Qd5 35. Qe1 Kb6 36. a4 Rxf7 37. Rxf7 Qxe6 38. Qxe6 Rxe6 39. axb5 axb5 40. Rf5 Re5 41. Rf2 Kc5 42. Kc1 Kd5 43. Kd2 Ne7 44. Rf8 Nf5 45. Rb8 Ke4 46. b4 Nxh4 47. g3 Nf5 0-1

[Event "EU-ch Online U2300 Final"]
[Site "Chess.com INT"]
[Date "2020.05.26"]
[Round "6"]
[White "Vashchilov, Sergey"]
[Black "Pankratov, Oleg"]
[Result "1-0"]
[WhiteElo "2176"]
[BlackElo "2104"]
[PlyCount "167"]
[EventDate "2020.05.26"]
[EventType "swiss"]
[EventRounds "8"]
[EventCountry "NET"]
[SourceTitle "CBM 196 Extra"]
[Source "ChessBase"]
[SourceDate "2020.07.31"]
[SourceVersion "1"]
[SourceVersionDate "2020.07.31"]
[SourceQuality "1"]

1. e4 g6 2. d4 Bg7 3. Nc3 d6 4. Nge2 Nf6 5. g3 0-0 6. Bg2 e5 7. 0-0 Nc6 8. d5 Ne7 9. h3 c6 10. Be3 cxd5 11. Nxd5 Nfxd5 12. exd5 Qc7 13. a4 Bd7 14. b3 f5 15. Bg5 Rf7 16. Rc1 h6 17. Bd2 Kh7 18. c4 a5 19. f4 Re8 20. Kh2 Ng8 21. Bc3 Rfe7 22. Qd2 b6 23. fxe5 Bxe5 24. Nd4 h5 25. h4 Nf6 26. Bf3 Qd8 27. Kg2 Ng4 28. Bxg4 hxg4 29. h5 Rg7 30. Rh1 g5 31. Qd3 Rf7 32. Rhf1 Qf6 33. Rf2 Kh6 34. Rcf1 Ref8 35. Nxf5+ Bxf5 36. Rxf5 Qxf5 37. Rxf5 Rxf5 38. Bxe5 dxe5 39. d6 e4 40. Qd4 R5f7 41. d7 Rd8 42. Qxe4 Kxh5 43. Qe5 Rdxd7 44. Qh8+ Rh7 45. Qe8+ Rhf7 46. Qh8+ Kg6 47. Qg8+ Kf5 48. Qb8 Rf6 49. Qc8 Rfd6 50. Qf8+ Ke5 51. Qe8+ Kd4 52. Qh8+ Kd3 53. Qe5 Kc2 54. Qe4+ Kc3 55. Qxg4 Kxb3 56. Qxg5 Rd2+ 57. Kh3 Rh7+ 58. Kg4 Rd4+ 59. Kf3 Rhd7 60. Qb5+ Kc3 61. Qxb6 Rd3+ 62. Kf4 R3d4+ 63. Kf3 Rd3+ 64. Kf4 R3d4+ 65. Ke5 Kxc4 66. Qb5+ Kc3 67. Qxa5+ Kc2 68. Qb5 Rd3 69. Qc4+ Kd2 70. Qb4+ Ke2 71. Qc4 Re7+ 72. Kf4 Ree3 73. a5 Rf3+ 74. Ke4 Rxg3 75. Kf4 Rgf3+ 76. Kg4 Rfe3 77. a6 Rg3+ 78. Kf4 Rge3 79. a7 Rf3+ 80. Kg4 Rh3 81. Qe4+ Rde3 82. Qg2+ Kd3 83. Qxh3 Rxh3 84. Kxh3 1-0

[Event "Stavropol Cup"]
[Site "Stavropol"]
[Date "2019.05.11"]
[Round "3"]
[White "Gabrielian, Artur"]
[Black "Pankratov, Oleg"]
[Result "1-0"]
[WhiteElo "2458"]
[BlackElo "2104"]
[PlyCount "49"]
[EventDate "2019.05.11"]
[EventType "swiss (rapid)"]
[EventRounds "9"]
[EventCountry "RUS"]
[SourceTitle "CBM 190 Extra"]
[Source "ChessBase"]
[SourceDate "2019.07.15"]
[SourceVersion "1"]
[SourceVersionDate "2019.07.15"]
[SourceQuality "1"]

1. e4 g6 2. d4 Bg7 3. Nc3 d6 4. Be3 a6 5. Qd2 b5 6. Nf3 Nd7 7. Bd3 Bb7 8. 0-0 e5 9. dxe5 Nxe5 10. Nxe5 dxe5 11. a4 b4 12. Nd5 Bxd5 13. exd5 Ne7 14. Bc5 Nxd5 15. Be4 c6 16. Rfd1 Qa5 17. Bd6 Rc8 18. Bxd5 Qxd5 19. Qxb4 Qe6 20. Qb7 a5 21. b4 e4 22. Rab1 Bf8 23. bxa5 Bxd6 24. Rxd6 Qf5 25. Rf6 1-0

[Event "Adygea blitz op"]
[Site "Maikop"]
[Date "2019.05.04"]
[Round "5"]
[White "Pankratov, Oleg"]
[Black "Gochelashvili, David"]
[Result "0-1"]
[WhiteElo "2104"]
[BlackElo "2392"]
[PlyCount "68"]
[EventDate "2019.05.04"]
[EventType "swiss (blitz)"]
[EventRounds "11"]
[EventCountry "RUS"]
[SourceTitle "CBM 190 Extra"]
[Source "ChessBase"]
[SourceDate "2019.07.15"]
[SourceVersion "1"]
[SourceVersionDate "2019.07.15"]
[SourceQuality "1"]

1. d4 Nf6 2. c4 g6 3. Nf3 Bg7 4. Bf4 d6 5. e3 Nh5 6. Bg5 h6 7. Bh4 g5 8. Bg3 e6 9. Nc3 Nd7 10. Be2 Nxg3 11. fxg3 b6 12. 0-0 Bb7 13. Qc2 g4 14. Nh4 h5 15. d5 Qg5 16. Qd3 Ne5 17. Qd2 Bh6 18. Nd1 Qe7 19. Qc2 0-0-0 20. e4 Bg5 21. Rf2 Bxh4 22. gxh4 Qxh4 23. Ne3 g3 24. hxg3 Qxg3 25. Bf3 h4 26. Nf1 Qg5 27. Qd2 Qg7 28. b3 Nxf3+ 29. Rxf3 Qxa1 30. Rh3 Rdg8 31. Kh2 Qxf1 32. a4 Rg3 33. a5 Rxh3+ 34. gxh3 Re8 0-1

[Event "Adygea blitz op"]
[Site "Maikop"]
[Date "2019.05.04"]
[Round "7"]
[White "Pankratov, Oleg"]
[Black "Pshmahov, Osman"]
[Result "0-1"]
[WhiteElo "2104"]
[BlackElo "2175"]
[PlyCount "96"]
[EventDate "2019.05.04"]
[EventType "swiss (blitz)"]
[EventRounds "11"]
[EventCountry "RUS"]
[SourceTitle "CBM 190 Extra"]
[Source "ChessBase"]
[SourceDate "2019.07.15"]
[SourceVersion "1"]
[SourceVersionDate "2019.07.15"]
[SourceQuality "1"]

1. d4 Nf6 2. c4 e6 3. Nc3 Bb4 4. Qc2 d5 5. a3 Bxc3+ 6. Qxc3 dxc4 7. Qxc4 0-0 8. Nf3 b6 9. Bf4 Nd5 10. Bg5 f6 11. Bd2 Ba6 12. Qc2 Nd7 13. Qa4 Bb7 14. Rc1 c5 15. e4 Nc7 16. Qc2 Rc8 17. Be2 cxd4 18. Nxd4 Nc5 19. Be3 Bxe4 20. Qd1 e5 21. Nf3 Nd3+ 22. Bxd3 Qxd3 23. Qxd3 Bxd3 24. Rc3 Ba6 25. Bd2 Nd5 26. Rxc8 Rxc8 27. Kd1 Bd3 28. Ne1 Bc4 29. h4 Nc7 30. Rh3 Ne6 31. Be3 Rd8+ 32. Kc2 f5 33. Nf3 f4 34. Bd2 e4 35. Ng5 Bd3+ 36. Kc3 Nxg5 37. hxg5 Rf8 38. Rh4 f3 39. gxf3 Rxf3 40. Be3 Rf7 41. Kb4 Rc7 42. Rh1 Rc2 43. Bc1 Rxf2 44. Kc3 Rf5 45. Kd4 Rc5 46. Be3 Rc2 47. b4 Ra2 48. Rc1 Rb2 0-1

[Event "Adygea blitz op"]
[Site "Maikop"]
[Date "2019.05.04"]
[Round "9"]
[White "Pankratov, Oleg"]
[Black "Tletseri, Julietta"]
[Result "0-1"]
[WhiteElo "2104"]
[BlackElo "1818"]
[PlyCount "68"]
[EventDate "2019.05.04"]
[EventType "swiss (blitz)"]
[EventRounds "11"]
[EventCountry "RUS"]
[SourceTitle "CBM 190 Extra"]
[Source "ChessBase"]
[SourceDate "2019.07.15"]
[SourceVersion "1"]
[SourceVersionDate "2019.07.15"]
[SourceQuality "1"]

1. Nf3 Nf6 2. g3 g6 3. Bg2 Bg7 4. 0-0 0-0 5. d3 d6 6. c4 Nc6 7. Nc3 e5 8. Rb1 Ne8 9. Ne1 f5 10. Nc2 f4 11. Nd5 fxg3 12. hxg3 Be6 13. b4 a6 14. a4 Qd7 15. b5 Nd8 16. Bg5 Nf6 17. Nce3 Ng4 18. b6 c6 19. Nc7 Rb8 20. Bxd8 Rbxd8 21. Nxe6 Qxe6 22. Bh3 h5 23. f3 e4 24. dxe4 Qe5 25. Bxg4 Qxg3+ 26. Ng2 hxg4 27. Qe1 Qe5 28. Qd2 g3 29. e3 Qh5 30. Nf4 Qg5 31. Kg2 Kf7 32. Rh1 Rh8 33. Rxh8 Rxh8 34. Rh1 Rxh1 0-1